| 000 | 00693nam a2200241Ia 4500 | ||
|---|---|---|---|
| 003 | OSt | ||
| 005 | 20220928111717.0 | ||
| 006 | a|||||r|||| 00| 0 | ||
| 007 | ta | ||
| 008 | 220927b |||||||| |||| 00| 0 eng d | ||
| 024 | _a33680 | ||
| 037 | _cTextual | ||
| 040 |
_aSDCL _cSDCL _beng |
||
| 041 |
_2eng _aeng |
||
| 082 | _aQ234, M5 | ||
| 100 |
_aSharma Chandrashakhar _9424708 |
||
| 245 | 0 |
_aVeershaiva _bAshatavaran-Vigyaan. |
|
| 260 |
_aGuledgudd _b(Amareshwarmath) Shri Guru Amareshwar Prakashan _c1985 |
||
| 300 |
_a94p. _ccm. |
||
| 490 | _aShri Guru Amareshwar granthmala. 5 | ||
| 942 |
_hQ234, M5 _cTEXL _2CC |
||
| 999 |
_c741540 _d741540 |
||